000 nam a22 a 4500
999 _c165539
_d165539
003 BLK
005 20211025165403.0
008 180410b bul|||||r ||||||| ||bul||
010 _aKNG00173155000
040 _aBLK
041 _aBUL
_cBUL
080 _aАнглийска литература
_b821.111
_x-31
_z821.111-31
100 1 _aДжъд, Денис
_eпърви автор
_9336788
139 _aДжъд, Денис
_bД 52
245 1 0 _aИсторията на Дългия Джон Силвър
_bРоман [за юноши]
_cДенис Джъд; прев. от англ. Васил Атанасов; худож. Христо Жаблянов.
257 _aGBR
260 _aСофия
_bОтечество
_c1986
_fВ. Търново : печ. Д. Найденов
300 _a175 с.
_bс ил.
_c25 см
380 _aX
500 _aОриг. загл. Long John Silver / Denis Judd
700 1 _aАтанасов, Васил
_eпрев. от англ.
_gИванов, Васил Атанасов
_9364724
700 1 _aЖаблянов, Христо
_eхудож.
_9376747
852 _aЦб 140998
_bЦб
856 4 _qpdf
856 4 _qpdf
942 _cKNG
_n0
_s1
944 _aCR
_c17.03.2015
_kРенета_Константинова
944 _aED
_c17.03.2015
_kРенета_Константинова
999 _d165539